LIBRARY & INFORMATION CENTRE, KCAET, TAVANUR

ONLINE PUBLIC ACCESS CATALOGUE (OPAC)

Objective Verbal Reasoning (Record no. 14311)

MARC details
000 -LEADER
fixed length control field 00301nam a22001217a 4500
020 ## - INTERNATIONAL STANDARD BOOK NUMBER
ISBN 9789325974173
082 ## - DEWEY DECIMAL CLASSIFICATION NUMBER
Classification number 028.7021
Item number VIK/OB
245 ## - TITLE STATEMENT
Title Objective Verbal Reasoning
260 ## - PUBLICATION, DISTRIBUTION, ETC. (IMPRINT)
Place of publication New Delhi
Name of publisher Vikas Publishing House Pvt Ltd
Year of publication 2014
300 ## - PHYSICAL DESCRIPTION
Number of Pages 762
490 ## - SERIES STATEMENT
Series statement Prep Booster Series
942 ## - ADDED ENTRY ELEMENTS (KOHA)
Koha item type Reference
Holdings
Withdrawn status Lost status Damaged status Collection code Home library Current library Shelving location Date acquired Source of acquisition Cost, normal purchase price Full call number Accession Number Koha item type
      Reference KAUAET KAUAET Reference 15/06/2016 Dream Tech, Trivandrum 450.00 028.7021 VIK/OB 24801 Reference
free website counter